<?xml version="1.0" encoding="UTF-8"?>
<collection xmlns="http://www.loc.gov/MARC21/slim">
 <record>
  <leader>01152nam a22002057a 4500</leader>
  <controlfield tag="001">NCT_68763</controlfield>
  <controlfield tag="008">190911b        xxu||||| |||| 00| 0 vie d</controlfield>
  <datafield tag="999" ind1=" " ind2=" ">
   <subfield code="c">3326</subfield>
   <subfield code="d">3326</subfield>
  </datafield>
  <datafield tag="020" ind1=" " ind2=" ">
   <subfield code="c">40000</subfield>
  </datafield>
  <datafield tag="082" ind1="0" ind2="4">
   <subfield code="2">23rd ed.</subfield>
   <subfield code="a">629</subfield>
   <subfield code="b">S464</subfield>
  </datafield>
  <datafield tag="100" ind1="1" ind2=" ">
   <subfield code="a">Huỳnh Phước Sơn</subfield>
  </datafield>
  <datafield tag="245" ind1="1" ind2="0">
   <subfield code="a">Tài liệu học tập thiết bị xưởng ô tô</subfield>
   <subfield code="c">Huỳnh Phước Sơn</subfield>
  </datafield>
  <datafield tag="300" ind1=" " ind2=" ">
   <subfield code="a">62 tr.</subfield>
   <subfield code="b">hình vẽ</subfield>
   <subfield code="c">27cm</subfield>
  </datafield>
  <datafield tag="653" ind1=" " ind2=" ">
   <subfield code="a">Công nghệ kỹ thuật ô tô</subfield>
  </datafield>
  <datafield tag="942" ind1=" " ind2=" ">
   <subfield code="2">ddc</subfield>
   <subfield code="c">BK</subfield>
  </datafield>
  <datafield tag="952" ind1=" " ind2=" ">
   <subfield code="0">0</subfield>
   <subfield code="1">0</subfield>
   <subfield code="2">ddc</subfield>
   <subfield code="4">0</subfield>
   <subfield code="6">629_000000000000000_S464</subfield>
   <subfield code="7">0</subfield>
   <subfield code="9">17773</subfield>
   <subfield code="a">000001</subfield>
   <subfield code="b">000001</subfield>
   <subfield code="d">2019-09-11</subfield>
   <subfield code="o">629 S464</subfield>
   <subfield code="p">MD.10141</subfield>
   <subfield code="r">2019-09-11</subfield>
   <subfield code="v">40000.00</subfield>
   <subfield code="w">2019-09-11</subfield>
   <subfield code="y">BK</subfield>
  </datafield>
  <datafield tag="952" ind1=" " ind2=" ">
   <subfield code="0">0</subfield>
   <subfield code="1">0</subfield>
   <subfield code="2">ddc</subfield>
   <subfield code="4">0</subfield>
   <subfield code="6">629_000000000000000_S464</subfield>
   <subfield code="7">0</subfield>
   <subfield code="9">17774</subfield>
   <subfield code="a">000001</subfield>
   <subfield code="b">000001</subfield>
   <subfield code="d">2019-09-11</subfield>
   <subfield code="o">629 S464</subfield>
   <subfield code="p">MD.10142</subfield>
   <subfield code="r">2019-09-11</subfield>
   <subfield code="v">40000.00</subfield>
   <subfield code="w">2019-09-11</subfield>
   <subfield code="y">BK</subfield>
  </datafield>
  <datafield tag="952" ind1=" " ind2=" ">
   <subfield code="0">0</subfield>
   <subfield code="1">0</subfield>
   <subfield code="2">ddc</subfield>
   <subfield code="4">0</subfield>
   <subfield code="6">629_000000000000000_S464</subfield>
   <subfield code="7">0</subfield>
   <subfield code="9">17775</subfield>
   <subfield code="a">000001</subfield>
   <subfield code="b">000001</subfield>
   <subfield code="d">2019-09-11</subfield>
   <subfield code="l">1</subfield>
   <subfield code="o">629 S464</subfield>
   <subfield code="p">MD.10143</subfield>
   <subfield code="r">2019-10-22</subfield>
   <subfield code="s">2019-09-24</subfield>
   <subfield code="v">40000.00</subfield>
   <subfield code="w">2019-09-11</subfield>
   <subfield code="y">BK</subfield>
  </datafield>
  <datafield tag="952" ind1=" " ind2=" ">
   <subfield code="0">0</subfield>
   <subfield code="1">0</subfield>
   <subfield code="2">ddc</subfield>
   <subfield code="4">0</subfield>
   <subfield code="6">629_000000000000000_S464</subfield>
   <subfield code="7">0</subfield>
   <subfield code="9">17776</subfield>
   <subfield code="a">000001</subfield>
   <subfield code="b">000001</subfield>
   <subfield code="d">2019-09-11</subfield>
   <subfield code="o">629 S464</subfield>
   <subfield code="p">MD.10144</subfield>
   <subfield code="r">2019-09-11</subfield>
   <subfield code="v">40000.00</subfield>
   <subfield code="w">2019-09-11</subfield>
   <subfield code="y">BK</subfield>
  </datafield>
  <datafield tag="980" ind1=" " ind2=" ">
   <subfield code="a">Thư viện Trường Đại học Nam Cần Thơ</subfield>
  </datafield>
 </record>
</collection>
